000
00212cam a2200097ua 4500
100
_a
Vasudevan Nair, M T .
245
_a
Kaalam /
_c
Author.
_h
Textual Documents
300
_a
; .
504
_a
999
_c
13585
_d
13585